000 00515nam a22001817a 4500
999 _c14345
_d14345
003 AR-CdUCM
008 190422b ||||| |||| 00| 0 spa d
040 _aMUNICIPALIDAD PROVINCIAL DEL CUSCO
_cBIBLIOTECA MUNICIPAL DEL CUSCO
082 _aC / 802.61 /
_bM93
110 _aMvnicipalidad del Cvsco
_933086
245 _aTeatro Mvnicipal /
260 _aCusco :
300 _aTriptico
500 _aTriptico folleto.
650 _aTeatro municipal.
_933087
942 _2ddc
_cFOLLETOS
945 _awfj
_d2019-04-22